000 01201nam0a2200301 4500
001 RU\NLR\bibl\1686840
005 20260406155606.0
010 _a978-5-271-28987-3
_94000
_bАстрель
021 _aRU
_b2010-70652
_94666
035 _a(NLR Aleph) 001678001
090 _a1083259
_c1083259
100 _a20101014d2010 |||y0rusy50 ca
101 1 _arus
_ceng
102 _aRU
105 _aa |||||||||
200 1 _aРазум и чувства и гады морские
_eроман
_fДжейн Остин, Бен Х. Уинтерс
_gпер. с англ. Надежды Гайдаш
_g[ил. Юджина Смита]
210 _aМосква
_cАстрель
_cCORPUS
_d2010
215 _a446, [1] c.
_cил.
_d21
686 _aШ6(4Вл)57-440.4{Лх1296.1-50}
686 _aШ6(7США)67-440.4(У){Лх1979-50(У)}
700 1 _4070
_7ca
_8rus
_aОстин
_bД.
_f1775-1817
_gДжейн
_9117805
_3RU\NLR\auth\777880
701 1 _aУинтерс
_bБ. Х.
_gБен Х
_4070
702 1 _4440
_7ca
_8rus
_aСмит
_bЮ.
_cхудожник
_gЮджин
_996471
_3RU\NLR\auth\77113546
801 0 _aRU
_bNLR
_c20101014
_gRCR
801 1 _aRU
_bNLR
_c20101014
942 _cBOOK
980 _aNB